000
00200nam a22000857a 4500
008
161207b xxu||||| |||| 00| 0 eng d
100
_9
1927
_a
Zakhoder.B
245
_a
The Wolf Who Sang Songs
260
_c
1980
999
_c
4693
_d
4693